000 00580nam a2200205Ia 4500
005 20250923145349.0
008 008 250917s9999 xx 000 0 eng d
037 _aTextual
040 _aDSWL
_beng
_cDSWL
041 _aeng
_2eng
084 _aY5x2'M, N75
_qDSWL
100 _aGanguli, B.N.
_9834519
245 0 _aConcept of equality
_c by B.N. Ganguli
260 _aSimla
_bIndian Institute of Advanced Study
_c1975
300 _avii,132 p.
365 _aINR
_b31 . 50
925 _g31 . 50
942 _cTEXL
_hY5x2'M, N75
999 _c1450482
_d1450482